Nidifikationsvogelgemeinschaften der Stadt Ružomberok

Bibliographic Details
Main Author: Feriancová-Masárová, Zora, 1930- (Author)
Format: Article
Language:German
PhysicalDescription:Tb. 1. Res. slov., angl.
Subjects:

MARC

LEADER 00000nab a2200000 a 4500
001 vtls000465432
003 SK-MaSNL
005 20260318122449.0
008 230213c1992 xo 0 ger
015 |a SNBRB19rr/mm-uuuuu 
035 |a CL0465565 
035 |a urn:nbn:sk:snk-abbn1w 
035 |a (urnnbn)urn:nbn:sk:snk:ar-000ut7 
035 |a (uuid)116d11e3-1627-4054-b3e1-3f87dce90f5a 
040 |a SNKBUCL  |b slo  |c SNKBUCL  |e AACR2 
041 0 |a ger 
044 |a xo  |c SK 
080 |a 598.2:591.563  |2 1981 
080 |a 591.563  |2 1981 
080 |a 591.55  |2 1981 
100 1 |a Feriancová-Masárová, Zora,  |d 1930-  |4 aut  |9 6082 
245 1 0 |a Nidifikationsvogelgemeinschaften der Stadt Ružomberok  |c Zora Feriancová-Masárová 
300 |b Tb. 1. Res. slov., angl. 
500 |a Lit 6 zázn. v angl., nem. 
650 0 7 |a vtáky  |2 snkbucl  |9 2762 
650 0 7 |a ornitocenózy hniezdne  |2 snkbucl  |9 1192541 
651 7 |a Ružomberok (Slovensko)  |2 snkbucl  |9 24370 
655 7 |a články z novín a časopisov  |2 snkbucl  |9 267496 
773 0 |t Biológia  |g Roč. 47, č. 5 (1992), s. 431-435 
850 |a Slovenská národná knižnica v Martine  |a MTA001 
852 |a SNK  |b KIS3GCP 
954 |a odborná, vedecká literatúra pôvodná (slovenská)  |2 lita 
958 |a RK 
958 |a OND 
958 |a EUIPO 
958 |a article15 
992 |a RBX 
999 |c 3116621  |d 3118551